[Event "Reunion op 10th"]
[Site "St Denis"]
[Date "2008.10.15"]
[Round "5"]
[White "Seegolam, Atmaram"]
[Black "Henry, Laura"]
[Result "1-0"]
[WhiteElo "1854"]
[BlackElo "1667"]
[PlyCount "65"]
[EventDate "2008.10.11"]
[EventType "swiss"]
[EventRounds "9"]
[EventCountry "RUF"]
[SourceTitle "EXT 2009"]
[Source "ChessBase"]
[SourceDate "2008.11.26"]
[SourceVersion "1"]
[SourceVersionDate "2008.11.26"]
[SourceQuality "1"]

1. c4 e5 2. Nc3 Nf6 3. e4 Bb4 4. d3 0-0 5. Be2 Nc6 6. a3 Bxc3+ 7. bxc3 d6 8. Nf3 Bg4 9. h3 Bh5 10. 0-0 h6 11. Be3 Ne7 12. Nh4 Bg6 13. Nxg6 Nxg6 14. f4 exf4 15. Bxf4 Nd7 16. Bg3 Qg5 17. Kh2 Nde5 18. Rf5 Qe7 19. d4 Nd7 20. Qc2 Rae8 21. Bd3 c5 22. Raf1 Nh4 23. Rd5 Nb6 24. Rxd6 Rc8 25. e5 cxd4 26. cxd4 Rcd8 27. c5 Nc8 28. Rxd8 Qxd8 29. Qc4 g5 30. Bxh4 gxh4 31. Rf6 Kg7 32. d5 Qe7 33. Qg4+ 1-0

[Event "Reunion op 08th"]
[Site "Etang Sale"]
[Date "2006.10.15"]
[Round "3"]
[White "Seegolam, Atmaram"]
[Black "Ah Soune, Steeve"]
[Result "1-0"]
[WhiteElo "1671"]
[BlackElo "1009"]
[PlyCount "40"]
[EventDate "2006.10.14"]
[EventType "swiss"]
[EventRounds "9"]
[EventCountry "FRA"]
[SourceTitle "EXT 2007"]
[Source "ChessBase"]
[SourceDate "2006.11.23"]
[SourceVersion "1"]
[SourceVersionDate "2006.11.23"]
[SourceQuality "1"]

1. c4 d5 2. cxd5 Qxd5 3. Nc3 Qd7 4. Nf3 Nc6 5. g3 b6 6. Bg2 Bb7 7. 0-0 0-0-0 8. Ng5 h6 9. Nxf7 Re8 10. Nxh8 Qe6 11. Bd5 Qf6 12. Qc2 Nd4 13. Bxb7+ Kxb7 14. Qe4+ Nc6 15. Ng6 Rd8 16. Nxf8 Rxf8 17. Nd5 Qf7 18. Nb4 Qf6 19. Nxc6 Qxc6 20. Qxc6+ Kxc6 1-0